Clinical anesthesia / (Record no. 113666)

MARC details
000 -LEADER
fixed length control field 00864pam a2200289 a 4500
008 - FIXED-LENGTH DATA ELEMENTS--GENERAL INFORMATION
fixed length control field
020 ## - INTERNATIONAL STANDARD BOOK NUMBER
International Standard Book Number 0397511604 (hbk.)
049 ## - LOCAL HOLDINGS (OCLC)
Holding library MAIN
090 ## - LOCALLY ASSIGNED LC-TYPE CALL NUMBER (OCLC); LOCAL CALL NUMBER (RLIN)
Classification number (OCLC) (R) ; Classification number, CALL (RLIN) (NR) RD81
Local cutter number (OCLC) ; Book number/undivided call number, CALL (RLIN) CLI
003 - CONTROL NUMBER IDENTIFIER
control field
005 - DATE AND TIME OF LATEST TRANSACTION
control field 20230120203916.0
040 ## - CATALOGING SOURCE
Transcribing agency NUST
245 00 - TITLE STATEMENT
Title Clinical anesthesia /
Statement of responsibility, etc. edited by Paul G. Barash, Bruce F. Cullen, Robert K. Stoelting ; with 98 contributors.
250 ## - EDITION STATEMENT
Edition statement 2nd ed.
260 ## - PUBLICATION, DISTRIBUTION, ETC.
Place of publication, distribution, etc. Philadelphia :
Name of publisher, distributor, etc. Lippincott,
Date of publication, distribution, etc. 1992.
300 ## - PHYSICAL DESCRIPTION
Extent xix, 1739 p. :
Other physical details ill. ;
Dimensions 29 cm.
500 ## - GENERAL NOTE
General note Includes index.
504 ## - BIBLIOGRAPHY, ETC. NOTE
Bibliography, etc. note Includes bibliographical references.
650 #0 - SUBJECT ADDED ENTRY--TOPICAL TERM
Topical term or geographic name entry element Anesthesiology.
650 #0 - SUBJECT ADDED ENTRY--TOPICAL TERM
Topical term or geographic name entry element Anesthesia.
650 #2 - SUBJECT ADDED ENTRY--TOPICAL TERM
Topical term or geographic name entry element Anesthesiology.
700 1# - ADDED ENTRY--PERSONAL NAME
Personal name Barash, Paul G.
700 1# - ADDED ENTRY--PERSONAL NAME
Personal name Cullen, Bruce F.
700 1# - ADDED ENTRY--PERSONAL NAME
Personal name Stoelting, Robert K.
907 ## - LOCAL DATA ELEMENT G, LDG (RLIN)
a .b10187327
b 27-07-12
c 24-01-06
942 ## - ADDED ENTRY ELEMENTS (KOHA)
Koha item type Ordinary Loan Books
Call number prefix RD81
Call number suffix CLI
Holdings
Date last seen Total Checkouts Full call number Barcode Cost, replacement price Price effective from Koha item type Lost status Source of classification or shelving scheme Damaged status Not for loan Collection Withdrawn status Home library Current library Shelving location Date acquired Cost, normal purchase price
01/20/2023 1 RD81 CLI 92004001170 80.00 01/20/2023 BOOKS   LCC     NFIC   Medical Medical GEN 01/20/2023 80.00